| 000 | 01193cas a22002535a 4500 | ||
|---|---|---|---|
| 001 | L142834 | ||
| 008 | 080313c2005 xxkqr ws ss 0 a0eng d | ||
| 035 | _a(Sirsi) u142834 | ||
| 041 | 0 | _aeng | |
| 050 | _a333.32 $2 18 | ||
| 110 | 2 |
_aCB Richard Ellis _93675 |
|
| 245 | 0 | 0 |
_aAsian industrial property market flash _h[electronic resource] |
| 260 |
_a[S.l.] _bCBRE _c2005- |
||
| 362 | 0 | _a2005- | |
| 490 | 0 | _aCB Richard Ellis Asia Pacific Investment Market Review | |
| 510 | 2 |
_aKnowledge Alert _c2006- |
|
| 520 | _aReviews the industrial property market in Asia, including logistics. Comments on key developments, demand, rental growth rates and capital values for industrial, manufacturing and warehouse facilities. Tables: indicative land values; indicative industrial rental values for the region. Country commentaries include details of selected leasing transactions and changes in rents. | ||
| 554 | _aFour per year | ||
| 650 | 2 | 4 | _aCB RICHARD ELLIS ASIAN INDUSTRIAL PROPERTY MARKET FLASH |
| 651 | 4 | _aAsia | |
| 690 | _aPROPERTY-COMMERCIAL PROPERTY-COMMERCIAL PROPERTY MARKET | ||
| 856 | 4 | 0 |
_uhttps://www.cbre.com/ _zView this report free of charge at www.cbre.com... |
| 942 | _n0 | ||
| 999 |
_c119173 _d119173 |
||